| 000 | 00385nam a2200145Ia 4500 | ||
|---|---|---|---|
| 999 |
_c183 _d183 |
||
| 020 | _a0-210-98167-9 | ||
| 082 | _a304.60973 SOM-; | ||
| 100 | _aSom, Ranjan Kumar | ||
| 245 | 0 | _aRecall lapse in demographic enquiries | |
| 260 |
_aBombay _bAsia Publishing _c1973 |
||
| 300 | _a212p. | ||
| 650 | _aUnited States - Population | ||
| 650 | _aSocial sciences - Statistical methods | ||
| 942 | _cBK | ||